000
00348nam a2200133 a 4500
005
20140412111419.0
008
070906s19uu xx 00 eng d
020
_a
1-59060-459-8
050
_a
TR(PS E
_b
Tw92
245
_a
Twinkle, Twinkle little star.
260
_a
New York :
_b
Playmore inc.
440
_a
Spin a song storybook
999
_c
105951
_d
105951